[Event "Napoli Province-ch"]
[Site "Napoli"]
[Date "2012.12.20"]
[Round "5"]
[White "Somma, Erminio"]
[Black "Baccelliere, Antonio"]
[Result "1/2-1/2"]
[WhiteElo "1607"]
[BlackElo "1434"]
[PlyCount "88"]
[EventDate "2012.11.22"]
[EventType "swiss"]
[EventRounds "7"]
[EventCountry "ITA"]
[SourceTitle "EXT 2014"]
[Source "ChessBase"]
[SourceDate "2013.11.20"]
[SourceVersion "1"]
[SourceVersionDate "2013.11.20"]
[SourceQuality "1"]

1. d4 d5 2. Nf3 Nf6 3. e3 e6 4. Bd3 c5 5. c3 Bd6 6. Nbd2 0-0 7. 0-0 Nc6 8. Re1 Bd7 9. e4 dxe4 10. Nxe4 Nxe4 11. Bxe4 cxd4 12. Bxh7+ Kxh7 13. Ng5+ Kg6 14. Qd3+ Kf6 15. Nh7+ Ke7 16. Nxf8 Qxf8 17. cxd4 Qh8 18. h3 Kf8 19. d5 Ne5 20. Qd4 Ke7 21. Rxe5 Bxe5 22. Qxe5 f6 23. d6+ Kf7 24. Qc5 Qc8 25. Be3 Qxc5 26. Bxc5 b6 27. Be3 Rc8 28. Rc1 Rxc1+ 29. Bxc1 e5 30. b3 Bf5 31. a3 Ke6 32. b4 Kxd6 33. g4 Be4 34. g5 Ke6 35. f4 exf4 36. Bxf4 fxg5 37. Bxg5 a5 38. Kf2 axb4 39. axb4 b5 40. Ke3 Bd5 41. Kd4 Bc4 42. h4 g6 43. Ke4 Kf7 44. Ke5 Bd3 1/2-1/2